Vízia fungovania štátnej správy a návrh opatrení v kontexte reformy "PROGRAM ESO"

Materiál Ministerstva vnútra SR, ktorého cieľom je naznačiť možnosti systémových zmien smerujúcich k vyššej efektívnosti, pružnosti, výkonnosti, transparentnosti a modernizácii služieb v štátnej správe. Analýza súčasného stavu. Návrh opatrení.

Saved in:
Bibliographic Details
Main Author: Neupauerová, Zuzana
Format: Book Chapter
Language:Slovak
Subjects:
Tags: Add Tag
No Tags, Be the first to tag this record!

MARC

LEADER 00000nla a2200000 4500
001 0174106
005 20240502072952.1
041 0 |a slo 
044 |a SK 
245 1 0 |a Vízia fungovania štátnej správy a návrh opatrení v kontexte reformy "PROGRAM ESO"  |c Zuzana Neupauerová 
520 |a Materiál Ministerstva vnútra SR, ktorého cieľom je naznačiť možnosti systémových zmien smerujúcich k vyššej efektívnosti, pružnosti, výkonnosti, transparentnosti a modernizácii služieb v štátnej správe. Analýza súčasného stavu. Návrh opatrení. 
610 2 0 |a správa štátna 
610 2 0 |a služby 
610 2 0 |a efektívnosť 
610 2 0 |a transparentnosť 
610 2 0 |a optimalizácia 
610 2 0 |a financie verejné 
610 2 0 |a reformy 
100 1 |a Neupauerová, Zuzana